10 Smallest Countries By Area - Statistics

General Stats
  • This quiz has been taken 57 times
  • The average score is 5 of 10
Answer Stats
Hint Answer % Correct
no. 1 0.44 Sq.Km Vatican City
90%
no. 5, 61 Sq.Km San Marino
85%
no. 2, 2 Sq.Km Monaco
83%
no. 4, 26 Sq.Km Tuvalu
62%
no. 10, 316 Sq.Km Malta
58%
no. 9, 298 Sq.Km Maldives
50%
no. 7, 181 Sq.Km Marshall Island
46%
no. 8, 261 Sq.Km Saint Kitts and Nevis
19%
no. 6, 160 Sq.Km Liechtenstien
0%
no. 3, 21 Sq.Km Naruru
0%
No matching quizzes found
Score Distribution
Percent of People with Each Score
Percentile by Number Answered
Your Score History
You have not taken this quiz